Evaluación del sistema de evaporación para la elaboración de azúcar en el Ingenio de la Central Azucarera Tempisque (CATSA)

সংরক্ষণ করুন:
গ্রন্থ-পঞ্জীর বিবরন
প্রধান লেখক: Araya Fernández, Jorge Arturo
বিন্যাস: গ্রন্থ
ভাষা:Spanish
প্রকাশিত: San José, Costa Rica 2015
বিষয়গুলি:
ট্যাগগুলো: ট্যাগ যুক্ত করুন
কোনো ট্যাগ নেই, প্রথমজন হিসাবে ট্যাগ করুন!

MARC

LEADER 00000nam a22000007a 4500
001 7410
003 012245
005 20221231143912.0
008 150904b2015 cr a|||| |||| 00| 0 spa d
040 |c cru CEDI 
100 |a Araya Fernández, Jorge Arturo   |9 1100 
245 |a Evaluación del sistema de evaporación para la elaboración de azúcar en el Ingenio de la Central Azucarera Tempisque (CATSA) 
260 |a  San José, Costa Rica  |c 2015 
500 |a Proyecto de graduación (licenciatura en ingeniería química)--Universidad de Costa Rica. Facultad de Ingeniería. Escuela de Ingeniería Química 
650 |x AZUCAR - INDUSTRIA Y COMERCIO  |x EVAPORACION  |x INDUSTRIA AZUCARERA  |x CENTRAL AZUCARERA TEMPISQUE(GUARDIA, LIBERIA, GUANACASTE)  |9 1101 
942 |c BK 
999 |c 13974  |d 13974